000 00275nam a22000977a 4500
005 20250901165536.0
008 210607b |||||||| |||| 00| 0 eng d
050 _aAS36 .A44 2006
245 _aBook of Members : 1780-2005
_cA.A.A.S.
942 _2lcc
_hAS36 .A44 2006
999 _c5586
_d5586